| 000 | 00810nam a2200241 i 4500 | ||
|---|---|---|---|
| 001 | bg | ||
| 100 | 1 | _aLEWIŃSKA-ROMICKA, Anna | |
| 245 | 1 | 0 |
_aBadania nieniszczące : _bpodstawy defektoskopii / _cAnna Lewińska-Romicka. |
| 260 |
_aWarszawa : _bWydawnictwa Naukowo-Techniczne, _ccop. 2001. |
||
| 300 |
_a600 s., [20] s. tabl. : _bil. (w tym kolor.) ; _c25 cm. |
||
| 504 | _aBibliogr. przy rozdz. Indeks. | ||
| 521 | _aPodręcznik akademicki. | ||
| 650 | 9 | _aBadania nieniszczące | |
| 655 | _aPodręczniki akademickie | ||
| 020 | _a8320426413 | ||
| 040 | _cBPK | ||
| 041 | 0 | _apl | |
| 080 | _a620.1(075.8) | ||
| 920 | _a83-204-2641-3 | ||
| 942 | _cKS | ||
| 008 | s pl f |000 0 pol | ||
| 999 |
_c41825 _d41825 |
||
| 856 |
_uhttp://koha.tu.koszalin.pl/cgi-bin/koha/opac-detail.pl?biblionumber=41825 _yKatalog online BPK |
||